| 000 | 00881nam a22002777a 4500 | ||
|---|---|---|---|
| 003 | DO-SdBNP | ||
| 005 | 20240530073926.0 | ||
| 007 | ta | ||
| 008 | 081218t2021 dr 000 f spa d | ||
| 020 | _a9789945100136 | ||
| 040 |
_aDO-SdBNP _bspa _cBNPHU |
||
| 082 | 4 |
_aRD863.44 _bS787t, 2021 _222 |
|
| 100 | 1 |
_aStanley, Avelino, _d1959- _91536 |
|
| 245 | 1 | 0 |
_aTiempo muerto / _cAvelino Stanley. |
| 250 | _a21a. ed. | ||
| 260 |
_aSanto Domingo : _bCocolo Editorial, _c2021. |
||
| 300 |
_a161 p. ; _c23 cm. |
||
| 500 | _aIncluye datos biográficos del autor en la contraportada. | ||
| 586 | _aPremio Nacional de Novela 1996 | ||
| 590 | _aInventariado, 2022 / YL | ||
| 650 | 0 |
_aNovela dominicana _9223 |
|
| 650 | 0 |
_aLiteratura dominicana. _967 |
|
| 650 | 4 |
_aNegros _zCaribe (Región) _xNovelas _975627 |
|
| 910 | _aYLockward/Validado. Control de calidad MFF | ||
| 942 |
_2ddc _cLBS1 |
||
| 999 |
_c51608 _d51608 |
||